00743nai a2200193Ia 4500003000900000008004100009022002200050022002300072040001600095245006400111260008600175310001400261362002800275521006900303650003400372650003600406650001900442856008800461IN-BaIIA211028c9999 xx s 000 0 eng d a1063-6528 (Print) a1558-0024 (Online) cIIA Library 0aIEEE Transactions on Rehabilitation Engineeringh[eJournal] aNew York, USAbThe Institute of Electrical and Electronics Engineers, Inc. (IEEE) aQuarterly a1(1); 1993 - 8(4); 2000 bSubscribed through National Knowledge Resource Consortium (NKRC) a Robotics and Control Systems a Signal Processing and Analysis aBioengineering uhttps://ieeexplore.ieee.org/servlet/opac?punumber=86yClick Here to Access eJournal